Name Every BFDI Character - Statistics

General Stats
  • This quiz has been taken 215 times
  • The average score is 19 of 21
Answer Stats
Answer % Correct
Pen
99%
Pin
99%
Blocky
96%
Flower
96%
Pencil
96%
Firey
95%
Bubble
94%
Eraser
94%
Leafy
93%
Match
93%
Coiny
91%
Golf Ball
90%
Ice Cube
89%
Snowball
89%
Spongy
89%
Tennis Ball
89%
David
88%
Rocky
86%
Woody
86%
Teardrop
84%
Needle
83%
No matching quizzes found
Score Distribution
Percent of People with Each Score
Percentile by Number Answered
Your Score History
You have not taken this quiz